000 00583nam a2200193 a 4500
001 000024778
005 20240412074251.0
008 110204s2000 dr r 000 p spa d
040 _aDO-SdBNP
_bspa
_cBNPHU
082 _aRD861.44
_bI73v
100 1 _aIsa Conde, Narciso,
_d1942-
_912387
245 1 0 _aVersos heroicos /
_cNarciso Isa Conde.
260 _aSanto Domingo :
_bTropical,
_c2000.
300 _a46 p. ;
_c14 cm.
590 _aInventariado, 2018/BT
650 0 _aPoesía dominicana
_966
650 0 _aLiteratura dominicana.
_967
910 _aValidado. Control de calidad. MFF
999 _c24271
_d24271